000 02709nam a2200757 a 4500
005 20240412134950.0
008 100701s1981 ag . f |||| 001 0 spa d
020 _aS/N
041 _aspa
092 _c618
_l10
_sCAL
100 1 _aCalatroni, Carlos
_93234
245 _aGinecología /
_cCarlos Calatroni
250 _a1a ed. 4ra. reimp.
260 _aBuenos Aires:
_bEditorial Médica Panamericana;
_c1981.
300 _a485 p.
500 _aCalatroni, C. y Ruiz, V. (1981). Ginecología. (1a ed.). Buenos Aires : Editorial Médica Panamericana.
653 _aAnatomía del aparato genital femenino
653 _aFisiología del aparato genital femenino
653 _aNiñez, adolescencia
653 _aMadurez sexual
653 _aClimaterio
653 _aSemiología ginecológica
653 _aMétodos complementarios de examen y diagnóstico
653 _aSistema diencefalohipofisario. Gonadotrofinoterapia
653 _aHormonas sexuales. Estrogenos, gestágenos, andrógenos
653 _aAnomalías del ciclo sexual difásico
653 _aAlgomenorrea
653 _aCiclos monofásicos
653 _aAmenorreas
653 _aInsuficiencia ovárica
653 _aHemorragías genitales externas
653 _aAborto
653 _aEmbarazo ectópico
653 _aMola hidatidiforme coriocarcinoma
653 _aEstirilidad conyugal
653 _aDistopias genitales
653 _aProlapso genital
653 _aFlujo genital
653 _aInfección en ginecología
653 _aGonococia genital
653 _aInfección séptica
653 _aTuberculosis genital
653 _aSifilis genital
653 _aDiferenciación sexual. Disgenesias gonadales. Estados intersexuales
653 _aTumores del aparato genital
653 _aMioma uterino
653 _aCarcinoma de la vúlva
653 _aCarcinoma de la vagina
653 _aEctropión (seudoerosión) del cuello uterino
653 _aDisplasias cervicales. Carcinoma intraepitelial del cuello uterino
653 _aCarcinoma del cuello uterino
653 _aCarcinoma del endometrio. Carcinoma tubario
653 _aSarcoma del útero
653 _aTumores del ovario
653 _aEndometriosis
653 _aPrurito vulvar
653 _aEnfermedades de la mama. Inflamaciones. Displacias. Tumores
653 _aAbdomen agudo ginecológico
653 _aUrología feminina
653 _aGinecología psicosomática. Frigidez. Trastornos en la relaciones sexuales
653 _aPlanificación familiar
653 _aQuimioterapia antiblastomatosa en ginecología
653 _aRecetario
700 1 _aRuiz, Vicente
_9274
942 _2ddc
_cBK
999 _c2410
_d2410